Vasudhaiv Kutumbakam: a new alliance for democracy in the era of globalisation (Record no. 492480)

000 -LEADER
fixed length control field 00497cam a22001457a 4500
008 - FIXED-LENGTH DATA ELEMENTS--GENERAL INFORMATION
fixed length control field 180718b2001 xxu||||| |||| 00| 0 eng d
082 ## - DEWEY DECIMAL CLASSIFICATION NUMBER
Classification number B253 V691
100 ## - MAIN ENTRY--PERSONAL NAME
Personal name Pratap, Vijay
245 ## - TITLE STATEMENT
Title Vasudhaiv Kutumbakam: a new alliance for democracy in the era of globalisation
Statement of responsibility, etc. by Vijay Pratap
260 ## - PUBLICATION, DISTRIBUTION, ETC.
Place of publication, distribution, etc. Delhi
Name of publisher, distributor, etc. Centre for the Study of Developing Societies
Date of publication, distribution, etc. 2001
300 ## - PHYSICAL DESCRIPTION
Extent 29p.
650 ## - SUBJECT ADDED ENTRY--TOPICAL TERM
Topical term or geographic name entry element Globalization.
650 ## - SUBJECT ADDED ENTRY--TOPICAL TERM
Topical term or geographic name entry element Democracy
700 ## - ADDED ENTRY--PERSONAL NAME
Personal name Centre for the Study of Developing Societies, Delhi
Holdings
Withdrawn status Lost status Damaged status Not for loan Permanent Location Current Location Date acquired Full call number Barcode Date last seen Price effective from Koha item type
        Indian Institute of Public Administration Indian Institute of Public Administration 2018-08-04 B253 V691 GR16360 2018-08-04 2018-08-04 GR

Powered by Koha